[Event "26th Hit Open-A 2022"]
[Site "Nova Gorica"]
[Date "2022.09.21"]
[Round "8.41"]
[White "Vah, Denis"]
[Black "Fiolo, Costanza"]
[Result "1-0"]
[WhiteElo "1988"]
[BlackElo "1768"]
[Annotator "TA"]
[PlyCount "91"]
[EventDate "2022.09.16"]
[EventType "swiss"]
[EventCountry "SLO"]
[SourceTitle "playchess.com"]
[Source "ChessBase"]
[SourceQuality "1"]
[TimeControl "5400+30"]

{[%evp 18,91,6,0,56,60,60,60,77,51,93,88,89,108,114,79,125,54,80,78,79,77,74,71,74,75,98,83,81,0,64,30,6,29,161,161,341,361,353,350,364,351,335,174,570,562,541,556,927,984,916,900,751,691,1479,1472,1436,1350,1338,1341,1747,1650,1750,1669,29973,29972,29974,29976,29977,29978,29972,12719,29988,29989,29996,29997]} 1. d4 {[%emt 0:00:01]} Nf6 {[%emt 0:00:23]} 2. c4 {[%emt 0:00:05]} g6 {[%emt 0:00:11]} 3. Nc3 {[%emt 0:00:03]} d5 {[%emt 0:00:10]} 4. cxd5 {[%emt 0:00:03]} Nxd5 {[%emt 0:00:20]} 5. e4 {[%emt 0:00:07]} Nxc3 {[%emt 0:00:25]} 6. bxc3 {[%emt 0:00:02]} Bg7 {[%emt 0:00:19]} 7. Nf3 {[%emt 0:00:05]} c5 {[%emt 0:00:27]} 8. h3 {[%emt 0:00:04]} O-O {[%emt 0:01:23]} 9. Be2 {[%emt 0:00:36]} Nc6 {[%emt 0:00:55]} 10. Be3 {[%emt 0:00:33]} Bd7 {[%emt 0:05:27] D85: Exchange Grünfeld: Unusual White 7th moves and lines with 7 Nf3.} ({Black should try} 10... cxd4 $11 11. cxd4 Qa5+ 12. Bd2 Qa3) 11. O-O $14 {[%emt 0:02:09]} Qc7 {[%emt 0:02:57]} 12. Rb1 {[%emt 0:02:52] [#]} Rad8 $146 {[%emt 0:03:38] White is slightly better.} ({Predecessor:} 12... Rfd8 13. Qb3 Rab8 14. d5 Na5 15. Qa3 b6 16. c4 f5 17. Qc1 fxe4 18. Ng5 Nb7 {1-0 (30) Beckett,C (2165)-Saravanan,A (1709) London 2018}) 13. d5 {[%emt 0:01:13]} Ne5 {[%emt 0:02:33]} 14. Nd2 {[%emt 0:04:12]} Bc8 {[%emt 0:04:23]} 15. f4 {[%emt 0:05:05]} Nd7 {[%emt 0:00:21]} 16. c4 {[%emt 0:00:09]} b6 {[%emt 0:03:54]} (16... e6 $142) 17. Nf3 {[%emt 0:14:41]} (17. e5 $16) 17... Nb8 {[%emt 0:06:38]} 18. Qd2 {[%emt 0:04:51]} e6 {[%emt 0:03:21]} 19. e5 {[%emt 0:03:11]} f6 {[%emt 0:04:15]} 20. d6 $36 {[%emt 0:00:39][%mdl 2048] White is in control.} Qc6 {[%emt 0:04:21] [#]} 21. Bf2 $1 {[%emt 0:21:29]} Nd7 {[%emt 0:02:20][%cal Rf6e5]} 22. Bg3 {[%emt 0:00:47] White is much more active. The black rooks are badly placed.} Bb7 {[%emt 0:01:27] aiming for ...fxe5.} 23. Qe3 {[%emt 0:00:54]} (23. Bd3 $16) 23... Qe4 {[%emt 0:04:30]} (23... fxe5 $11 24. fxe5 Rf5) 24. Qxe4 {[%emt 0:01:05]} Bxe4 {[%emt 0:00:10]} 25. Rbe1 $1 {[%emt 0:00:04]} Bxf3 {[%emt 0:01:42] This costs Black the game.} (25... Bh6 $11 {and Black is okay.}) 26. Bxf3 $18 {[%emt 0:00:38]} g5 $2 {[%emt 0:13:48]} (26... fxe5 {was necessary.} 27. fxe5 Rf5) 27. exf6 {[%emt 0:02:40]} Bxf6 {[%emt 0:03:13]} 28. fxg5 {[%emt 0:00:44]} ({Not} 28. Rxe6 gxf4 29. Bh2 (29. Bxf4 Bd4+ 30. Be3 Rf6 $16) 29... Be5 $16) 28... Bd4+ {[%emt 0:02:59]} 29. Kh1 {[%emt 0:00:29]} e5 {[%emt 0:01:40]} 30. Re2 {[%emt 0:06:37]} (30. Bd5+ $142 Kg7 31. Kh2) 30... Nb8 $2 {[%emt 0:06:19]} (30... Kg7 31. Rfe1 Rf5) 31. Bxe5 {[%emt 0:00:57] [#] Intending Bd5+ and mate.} Bxe5 {[%emt 0:01:24]} 32. Rxe5 {[%emt 0:00:09]} Rxd6 {[%emt 0:00:23]} 33. Bd5+ {[%emt 0:00:09]} Rxd5 {[%emt 0:01:51]} 34. Rxf8+ {[%emt 0:00:01]} Kxf8 {[%emt 0:00:18]} 35. Rxd5 {[%emt 0:00:59][%mdl 4096] Endgame Strongly threatening Rd8+. KR-KN} Kg7 {[%emt 0:00:16]} 36. g4 {[%emt 0:00:19]} Nc6 {[%emt 0:02:39]} 37. Rd7+ {[%emt 0:00:51]} Kg8 {[%emt 0:00:00]} 38. Kg2 {[%emt 0:00:30]} a5 {[%emt 0:02:07]} 39. Rb7 {[%emt 0:00:32]} Nb4 {[%emt 0:01:03]} 40. Rxb6 {[%emt 0:00:44]} Nxa2 {[%emt 0:00:30]} 41. Ra6 {[%emt 0:00:06]} Nc3 {[%emt 0:02:16]} 42. Rxa5 {[%emt 0:00:26]} Ne4 {[%emt 0:00:29]} 43. h4 {[%emt 0:00:31]} Kf7 {[%emt 0:00:43]} 44. Ra7+ {[%emt 0:00:11]} (44. Kf3 $142 Nc3 45. Rxc5 Ke6 46. Rc7 Nd1 47. Rxh7 Nb2 48. c5 Nc4 49. c6) 44... Kg6 {[%emt 0:00:28]} 45. Kf3 {[%emt 0:00:09]} Nd2+ {[%emt 0:00:37]} 46. Kf4 {[%emt 0:00:04] Weighted Error Value: White=0.23 (precise) /Black=0.71} 1-0

[Event "26th Hit Open-A 2022"]
[Site "Nova Gorica"]
[Date "2022.09.21"]
[Round "8.42"]
[White "Guid, Taja"]
[Black "Both, Aaron"]
[Result "1/2-1/2"]
[WhiteElo "1511"]
[BlackElo "1963"]
[Annotator "TA"]
[PlyCount "94"]
[EventDate "2022.09.16"]
[EventType "swiss"]
[EventCountry "SLO"]
[SourceTitle "playchess.com"]
[Source "ChessBase"]
[SourceQuality "1"]

1. e4 c5 2. Nc3 e6 3. Nge2 a6 4. g3 Nc6 5. Bg2 Nf6 6. O-O Be7 7. f4 d5 8. e5 Ng4 9. h3 Nh6 10. d3 b5 11. g4 b4 12. Nb1 g5 13. Ng3 Rg8 14. c3 bxc3 15. Nxc3 Rb8 16. Rb1 a5 17. Qf3 Nd4 18. Qf2 Ba6 19. Rd1 Rb4 20. a3 Rb3 21. Be3 gxf4 22. Bxf4 Bg5 23. Nh5 Bxf4 24. Nf6+ Kf8 25. Qxf4 Rg6 26. Kh1 Kg7 27. Bf1 Kh8 28. Rd2 Qc7 29. h4 Ng8 30. g5 Nxf6 31. gxf6 Nf5 32. Rg2 d4 33. Rxg6 fxg6 34. Ne4 Bxd3 35. Bxd3 Rxd3 36. Rc1 Rh3+ 37. Kg2 Rxh4 38. Qf3 Ne3+ 39. Kg3 Rg4+ 40. Qxg4 Nxg4 41. Rxc5 Qb7 42. Nd6 Qb3+ 43. Kxg4 h5+ 44. Kg5 Qg3+ 45. Kh6 Qf4+ 46. Kxg6 Qg4+ 47. Kh6 Qf4+ 1/2-1/2

[Event "26th Hit Open-A 2022"]
[Site "Nova Gorica"]
[Date "2022.09.21"]
[Round "8.43"]
[White "Gamal, Alaa"]
[Black "Juvan, Vid"]
[Result "1-0"]
[WhiteElo "1693"]
[BlackElo "1564"]
[Annotator "NA RC COMBH"]
[PlyCount "129"]
[EventDate "2022.09.16"]
[EventType "swiss"]
[EventCountry "SLO"]
[SourceTitle "playchess.com"]
[Source "ChessBase"]
[SourceQuality "1"]

1. d4 Nf6 2. Nf3 d5 3. c4 c6 4. cxd5 cxd5 5. Nc3 Nc6 6. Bf4 Nh5 7. Bd2 e6 8. e3 a6 9. Ne5 Nf6 10. Nxc6 bxc6 11. Na4 Ne4 12. Rc1 Nxd2 13. Qxd2 Be7 14. Bd3 O-O 15. O-O f6 16. f4 Qd6 17. Nc5 e5 18. fxe5 fxe5 19. Rxf8+ Bxf8 20. Rf1 Qh6 21. Qf2 Be6 22. Nxa6 Bd6 23. Qg3 e4 24. Qxd6 Qxe3+ 25. Kh1 exd3 26. Nc7 Qe2 27. Qxe6+ Qxe6 28. Nxe6 Re8 29. Ng5 Re2 30. Rb1 Rc2 31. Nf3 d2 32. Nxd2 Rxd2 33. a4 Rxd4 34. b4 Rd2 35. b5 cxb5 36. axb5 Re2 37. b6 Re8 38. b7 Rb8 39. Kg1 Kf7 40. Kf2 Ke6 41. Ke3 Kd6 42. Kd4 Kc6 43. g4 Kd6 44. h4 Kc6 45. g5 Kd6 46. Rb6+ Kc7 47. Rb5 Kc6 48. Rb2 Kd6 49. h5 Kc6 50. Ke5 Re8+ 51. Kf5 Rb8 52. Ke5 Re8+ 53. Kd4 Rb8 54. Rc2+ Kd6 55. Rb2 Kc6 56. Rb3 Kd6 57. Rb6+ Kc7 58. Kc5 d4 59. Rc6+ Kd7 60. Kb6 d3 61. Rc3 Ke6 62. Rxd3 Kf5 63. Rg3 Kf4 64. Rg1 Kf3 65. Ka7 1-0

[Event "26th Hit Open-A 2022"]
[Site "Nova Gorica"]
[Date "2022.09.21"]
[Round "8.44"]
[White "Petrovcic, Cvetko"]
[Black "Cokan, Mirko"]
[Result "0-1"]
[WhiteElo "1602"]
[BlackElo "1683"]
[Annotator "NA RC COMBH"]
[PlyCount "60"]
[EventDate "2022.09.16"]
[EventType "swiss"]
[EventCountry "SLO"]
[SourceTitle "playchess.com"]
[Source "ChessBase"]
[SourceQuality "1"]

1. e4 Nc6 2. Nf3 f5 3. Ng5 e5 4. d4 Nf6 5. Bc4 d5 6. exd5 Nxd4 7. c3 b5 8. cxd4 bxc4 9. dxe5 Nxd5 10. e6 Bb4+ 11. Nc3 O-O 12. O-O Nxc3 13. Qxd8 Ne2+ 14. Kh1 Rxd8 15. a3 Be7 16. Be3 f4 17. Nf7 Rf8 18. Bd2 Bxe6 19. Ne5 Bd6 20. Nf3 Bd5 21. Ne1 f3 22. g3 Be4 23. Bb4 c5 24. Bc3 Rab8 25. Rd1 Rbd8 26. h4 Be7 27. Ra1 g5 28. h5 g4 29. Nxf3 Bxf3+ 30. Kh2 Rd5 0-1

[Event "26th Hit Open-A 2022"]
[Site "Nova Gorica"]
[Date "2022.09.21"]
[Round "8.45"]
[White "Mihelj, Edvard"]
[Black "Savoia, Serge"]
[Result "1-0"]
[WhiteElo "1657"]
[BlackElo "1636"]
[Annotator "NA COMBH"]
[PlyCount "117"]
[EventDate "2022.09.16"]
[EventType "swiss"]
[EventCountry "SLO"]
[SourceTitle "playchess.com"]
[Source "ChessBase"]
[SourceQuality "1"]

1. e4 d6 2. Bc4 c6 3. Nc3 g6 4. d4 Bg7 5. Be3 Nf6 6. h3 Nbd7 7. a3 e5 8. Nge2 O-O 9. O-O Nxe4 10. dxe5 Nxc3 11. Nxc3 Nxe5 12. Ba2 Be6 13. b3 Nf3+ 14. Qxf3 Bxc3 15. Rad1 Bd5 16. Qg3 Bb2 17. a4 Qf6 18. c4 Be5 19. f4 Bc3 20. cxd5 c5 21. Rd3 Bb2 22. Bb1 Rfe8 23. Rdd1 b5 24. a5 Qc3 25. Bf2 Qxa5 26. Be1 b4 27. f5 Be5 28. Qg4 Qc7 29. f6 Reb8 30. Qg5 Qd8 31. Bh4 Qf8 32. Rfe1 Re8 33. Qg4 a5 34. Bd3 h5 35. Qf3 Qh6 36. Bb5 Reb8 37. Bc6 Ra7 38. Bg3 Bxg3 39. Qxg3 Qf8 40. Re4 Kh7 41. Rde1 a4 42. Bxa4 Rxa4 43. bxa4 Ra8 44. Ra1 Rc8 45. Re7 Rd8 46. Qb3 Re8 47. Qe3 Ra8 48. Qf4 Ra6 49. Qc4 Ra8 50. a5 Kh6 51. Qf4+ g5 52. Qxd6 Kg6 53. Qxc5 b3 54. d6 Rb8 55. Rb1 Qh8 56. Rxb3 Rc8 57. Qd4 Rc1+ 58. Kh2 g4 59. Qe4+ 1-0

[Event "26th Hit Open-A 2022"]
[Site "Nova Gorica"]
[Date "2022.09.21"]
[Round "8.46"]
[White "Novak, Simona"]
[Black "Papler, Peter"]
[Result "0-1"]
[WhiteElo "1692"]
[BlackElo "1750"]
[Annotator "NA COMBH"]
[PlyCount "98"]
[EventDate "2022.09.16"]
[EventType "swiss"]
[EventCountry "SLO"]
[SourceTitle "playchess.com"]
[Source "ChessBase"]
[SourceQuality "1"]

1. e4 d6 2. d4 Nf6 3. Nc3 Nbd7 4. Be3 c6 5. Nge2 Qc7 6. f3 e5 7. Ng3 g6 8. Qd2 h6 9. Bd3 Bg7 10. d5 a6 11. a4 c5 12. O-O b6 13. Kh1 Bb7 14. Rad1 h5 15. h4 Ng8 16. Qf2 Bf6 17. f4 Bxh4 18. fxe5 Nxe5 19. Bf4 Bf6 20. a5 h4 21. Nge2 g5 22. Bxe5 Bxe5 23. axb6 Qd7 24. Ng1 Nh6 25. Qe2 h3 26. g4 Nxg4 27. Nb5 Ke7 28. Nc7 Bf4 29. Nxa8 h2 30. Rxf4 hxg1=Q+ 31. Kxg1 gxf4 32. Nc7 Ne3 33. Qf3 Rg8+ 34. Kf2 Nxd1+ 35. Qxd1 Qh3 36. Qf3 Qh2+ 37. Ke1 Rg3 38. Qf2 Qh1+ 39. Bf1 Qxe4+ 40. Kd1 Kd7 41. Bd3 Qh1+ 42. Bf1 Rf3 43. Qe2 Qxf1+ 44. Qxf1 Rxf1+ 45. Ke2 Rb1 46. b3 Rb2 47. Kd3 f3 48. Ke3 Rxc2 49. Kxf3 Rc3+ 0-1

[Event "26th Hit Open-A 2022"]
[Site "Nova Gorica"]
[Date "2022.09.22"]
[Round "9.1"]
[White "Marn, Jan"]
[Black "Stefansson, Vignir Vatnar"]
[Result "1/2-1/2"]
[WhiteElo "2307"]
[BlackElo "2452"]
[Annotator "TA"]
[PlyCount "90"]
[EventDate "2022.09.16"]
[EventType "swiss"]
[EventCountry "SLO"]
[SourceTitle "playchess.com"]
[Source "ChessBase"]
[SourceQuality "1"]

1. d4 e6 2. c4 Nf6 3. Nf3 d5 4. g3 Bb4+ 5. Bd2 a5 6. Bg2 O-O 7. O-O dxc4 8. Bg5 b5 9. a4 c6 10. Ne5 Ra6 11. Nc3 Rb6 12. e4 h6 13. Be3 Rb7 14. f4 Nfd7 15. Ng4 f5 16. Ne5 Nf6 17. g4 fxg4 18. Qe2 Qe8 19. Nxg4 Nxg4 20. Qxg4 e5 21. f5 Nd7 22. Qg3 Kh8 23. axb5 cxb5 24. Nd5 Bd6 25. Qh4 Qd8 26. f6 Nxf6 27. Bg5 Be7 28. Nxe7 Qxe7 29. Rxa5 exd4 30. e5 Qxe5 31. Bxf6 Qe3+ 32. Qf2 gxf6 33. Qxe3 dxe3 34. Bxb7 Rg8+ 35. Bg2 Bh3 36. Rxf6 Rxg2+ 37. Kh1 Rf2 38. Rxh6+ Kg7 39. Rxh3 Rf1+ 40. Kg2 e2 41. Rg3+ Kh6 42. Re3 e1=Q 43. Rxe1 Rxe1 44. Rxb5 Re2+ 45. Kg1 Rc2 1/2-1/2

[Event "26th Hit Open-A 2022"]
[Site "Nova Gorica"]
[Date "2022.09.22"]
[Round "9.2"]
[White "Wadsworth, Matthew J"]
[Black "Manish Anto Cristiano F"]
[Result "1-0"]
[WhiteElo "2423"]
[BlackElo "2249"]
[Annotator "TA"]
[PlyCount "87"]
[EventDate "2022.09.16"]
[EventType "swiss"]
[EventCountry "SLO"]
[SourceTitle "playchess.com"]
[Source "ChessBase"]
[SourceQuality "1"]

1. Nf3 d5 2. c4 c6 3. g3 g6 4. Bg2 Bg7 5. O-O Nf6 6. b3 dxc4 7. bxc4 Ne4 8. d4 c5 9. e3 Nc6 10. Bb2 O-O 11. Qc1 cxd4 12. Nxd4 Nxd4 13. exd4 Nf6 14. Re1 Re8 15. Nc3 Rb8 16. d5 e6 17. d6 Bd7 18. Nb5 Bxb5 19. cxb5 Nd5 20. Bxg7 Kxg7 21. Bxd5 exd5 22. Qc5 Qf6 23. Qxd5 Rbd8 24. d7 Re7 25. Rxe7 Qxe7 26. Rd1 b6 27. Kg2 h5 28. h4 Qc5 29. Qc6 Qe5 30. Rd3 Qf5 31. Rd4 Qe5 32. Ra4 g5 33. hxg5 Qxg5 34. Rd4 Qe5 35. Rd5 Qe7 36. Rxh5 f6 37. Qc2 Kg8 38. Qc4+ Kf8 39. Rh8+ Kg7 40. Rxd8 Qxd8 41. Qc8 Qe7 42. d8=Q Qe4+ 43. Kh2 Qh7+ 44. Qh3 1-0

[Event "26th Hit Open-A 2022"]
[Site "Nova Gorica"]
[Date "2022.09.22"]
[Round "9.3"]
[White "Drazic, Sinisa"]
[Black "Seo, Jung Min"]
[Result "0-1"]
[WhiteElo "2327"]
[BlackElo "2516"]
[Annotator "TA"]
[PlyCount "116"]
[EventDate "2022.09.16"]
[EventType "swiss"]
[EventCountry "SLO"]
[SourceTitle "playchess.com"]
[Source "ChessBase"]
[SourceQuality "1"]

1. b3 d5 2. Bb2 Nf6 3. Nf3 Bf5 4. g3 h6 5. Bg2 e6 6. c4 c6 7. O-O Be7 8. d3 O-O 9. Nbd2 Bh7 10. Qc2 Nbd7 11. a3 Bd6 12. b4 e5 13. c5 Bc7 14. e4 Re8 15. Rfe1 d4 16. Nb3 Nf8 17. Bc1 Ne6 18. Bd2 Nd7 19. Nh4 Ndf8 20. Nf5 Qf6 21. a4 Bxf5 22. exf5 Qxf5 23. b5 Nd8 24. Nxd4 Qd7 25. Ne2 Nde6 26. Qc4 Ng6 27. Rab1 Red8 28. bxc6 bxc6 29. Rb3 a5 30. Be3 Ne7 31. d4 Nd5 32. Bc1 Nb4 33. Ba3 exd4 34. Rd1 Be5 35. Nc1 Nd5 36. Nd3 Bf6 37. Rdb1 Nec7 38. Rb7 Qf5 39. Re1 Re8 40. Rbb1 Qd7 41. Bf3 Nc3 42. Rxe8+ Rxe8 43. Rb7 N3d5 44. Bb2 Qf5 45. Kg2 Ne6 46. Bxd5 cxd5 47. Qb3 Qe4+ 48. Kg1 Ng5 49. Nf4 Nf3+ 50. Kg2 Nd2+ 51. f3 Qe1 52. Qd3 Be5 53. Qe2 Qxe2+ 54. Nxe2 d3 55. Nc1 Bxb2 56. Rxb2 Nc4 57. Rb1 d2 58. Nd3 Ne3+ 0-1

[Event "26th Hit Open-A 2022"]
[Site "Nova Gorica"]
[Date "2022.09.22"]
[Round "9.4"]
[White "Royal, Shreyas"]
[Black "Subelj, Jan"]
[Result "1/2-1/2"]
[WhiteElo "2412"]
[BlackElo "2505"]
[Annotator "TA"]
[PlyCount "37"]
[EventDate "2022.09.16"]
[EventType "swiss"]
[EventCountry "SLO"]
[SourceTitle "playchess.com"]
[Source "ChessBase"]
[SourceQuality "1"]

1. d4 d5 2. c4 e6 3. Nf3 c6 4. Qc2 dxc4 5. Qxc4 Nf6 6. g3 b5 7. Qd3 Bb7 8. Bg2 a6 9. O-O c5 10. dxc5 Qxd3 11. exd3 Bxc5 12. a4 Nbd7 13. axb5 axb5 14. Rxa8+ Bxa8 15. Be3 O-O 16. Bxc5 Nxc5 17. Ne5 Nb3 18. Rd1 Bxg2 19. Kxg2 1/2-1/2

[Event "26th Hit Open-A 2022"]
[Site "Nova Gorica"]
[Date "2022.09.22"]
[Round "9.5"]
[White "Willow, Jonah B"]
[Black "Kaasen, Tor Fredrik"]
[Result "0-1"]
[WhiteElo "2385"]
[BlackElo "2442"]
[Annotator "TA"]
[PlyCount "100"]
[EventDate "2022.09.16"]
[EventType "swiss"]
[EventCountry "SLO"]
[SourceTitle "playchess.com"]
[Source "ChessBase"]
[SourceQuality "1"]

1. e4 c5 2. Nf3 Nc6 3. d4 cxd4 4. Nxd4 Nf6 5. Nc3 d6 6. Bg5 e6 7. Qd2 a6 8. O-O-O Bd7 9. f4 Be7 10. Nf3 b5 11. e5 b4 12. exf6 bxc3 13. Qxc3 gxf6 14. Bh4 Rg8 15. h3 h5 16. Kb1 Rb8 17. Bd3 d5 18. a3 Qa5 19. Qxa5 Nxa5 20. Bxa6 Nc4 21. Bxc4 dxc4 22. Ka2 Bc6 23. Nd4 Bd5 24. Rhg1 c3+ 25. b3 Rb6 26. Rd3 Kd7 27. Rxc3 Ra8 28. Ra1 Rxa3+ 29. Kb2 Rxa1 30. Kxa1 Bxg2 31. Rg3 Be4 32. c4 Ba3 33. Nb5 Bc1 34. Nc3 Ra6+ 35. Na4 Bxf4 36. Rg7 Be5+ 37. Ka2 Ke7 38. Be1 f5 39. Rh7 f4 40. Rxh5 Bd4 41. Rh4 e5 42. Ka3 Bc6 43. Rh6 e4 44. Kb4 f3 45. Nc3 e3 46. Bh4+ f6 47. Nd1 Rb6+ 48. Ka3 e2 49. Ne3 Ra6+ 50. Kb4 Bxe3 0-1

[Event "26th Hit Open-A 2022"]
[Site "Nova Gorica"]
[Date "2022.09.22"]
[Round "9.6"]
[White "Lavrencic, Matic"]
[Black "Ghazarian, Kirk"]
[Result "1/2-1/2"]
[WhiteElo "2274"]
[BlackElo "2440"]
[Annotator "TA"]
[PlyCount "71"]
[EventDate "2022.09.16"]
[EventType "swiss"]
[EventCountry "SLO"]
[SourceTitle "playchess.com"]
[Source "ChessBase"]
[SourceQuality "1"]

1. e4 e5 2. Nf3 Nc6 3. Bb5 a6 4. Ba4 g6 5. c3 Bg7 6. d4 b5 7. Bc2 d6 8. h3 exd4 9. cxd4 Nf6 10. Nc3 O-O 11. O-O b4 12. Ne2 Re8 13. Ng3 Bb7 14. d5 Ne7 15. Ba4 Nd7 16. Nd4 Rf8 17. Bg5 h6 18. Be3 Nc5 19. Rc1 a5 20. Bb5 Rb8 21. Qd2 Kh7 22. Qe2 Kh8 23. b3 Bc8 24. Rfd1 Kh7 25. f3 Bd7 26. Bxd7 Qxd7 27. Qc4 Rfc8 28. Nc6 Nxc6 29. dxc6 Qxc6 30. Qxf7 Qd7 31. Qd5 Nb7 32. Ne2 c6 33. Qd2 Re8 34. Bf4 Rbd8 35. Qc2 d5 36. exd5 1/2-1/2

[Event "26th Hit Open-A 2022"]
[Site "Nova Gorica"]
[Date "2022.09.22"]
[Round "9.7"]
[White "Sonis, Francesco"]
[Black "Van Dael, Siem"]
[Result "1-0"]
[WhiteElo "2542"]
[BlackElo "2316"]
[Annotator "TA"]
[PlyCount "141"]
[EventDate "2022.09.16"]
[EventType "swiss"]
[EventCountry "SLO"]
[SourceTitle "playchess.com"]
[Source "ChessBase"]
[SourceQuality "1"]

1. d4 Nf6 2. c4 g6 3. Nc3 Bg7 4. e4 d6 5. Be2 O-O 6. Be3 Nc6 7. d5 Ne5 8. h3 c6 9. f4 Ned7 10. Bf3 cxd5 11. cxd5 b5 12. Nge2 Nb6 13. Qb3 Nc4 14. Bd4 a6 15. Nd1 e5 16. dxe6 Bxe6 17. Qd3 d5 18. exd5 Bf5 19. Qb3 Re8 20. Ndc3 Rc8 21. O-O Nd2 22. Qa3 Rc4 23. Qxa6 Nxf1 24. Rxf1 Ne4 25. Bxg7 Kxg7 26. Bxe4 Bxe4 27. Rd1 Rb4 28. Qa7 Rxb2 29. Qd4+ Qf6 30. Nxe4 Qxd4+ 31. Nxd4 Rxe4 32. d6 Rb1 33. Nf5+ gxf5 34. Rxb1 Rd4 35. Rxb5 Rxd6 36. Rb3 h5 37. h4 Rd4 38. Rf3 Kf6 39. a3 Ke6 40. Re3+ Kf6 41. g3 Rd2 42. Kf1 Rd4 43. Ke2 Ra4 44. Kd2 Ra8 45. Kc2 Rc8+ 46. Rc3 Ra8 47. Re3 Rc8+ 48. Kb2 Rb8+ 49. Ka1 Ra8 50. Ka2 Kg6 51. Kb3 Rb8+ 52. Kc4 Rc8+ 53. Kb5 Rb8+ 54. Kc6 Ra8 55. Kb7 Ra4 56. Kb6 Ra8 57. Rc3 Kg7 58. Kb5 Rb8+ 59. Kc4 Ra8 60. Kb3 Rb8+ 61. Ka2 Ra8 62. Rc6 Ra7 63. Rb6 Ra4 64. Rb4 Ra6 65. a4 Kf6 66. Ka3 Ra8 67. Rb5 Rg8 68. Rb3 Ra8 69. Kb4 Rb8+ 70. Kc4 Rc8+ 71. Kd5 1-0

[Event "26th Hit Open-A 2022"]
[Site "Nova Gorica"]
[Date "2022.09.22"]
[Round "9.8"]
[White "Beliavsky, Alexander G"]
[Black "Thavandiran, Shiyam"]
[Result "1-0"]
[WhiteElo "2505"]
[BlackElo "2363"]
[Annotator "TA"]
[PlyCount "67"]
[EventDate "2022.09.16"]
[EventType "swiss"]
[EventCountry "SLO"]
[SourceTitle "playchess.com"]
[Source "ChessBase"]
[SourceQuality "1"]

1. d4 Nf6 2. c4 e6 3. Nf3 c5 4. g3 cxd4 5. Nxd4 d5 6. Bg2 e5 7. Nf3 d4 8. O-O Nc6 9. e3 Be7 10. exd4 exd4 11. Bf4 O-O 12. Ne5 Qb6 13. Nd2 Be6 14. Qb3 Rac8 15. Rfd1 Nh5 16. Ndf3 Nxf4 17. gxf4 Qc7 18. Nxc6 bxc6 19. Nxd4 Qxf4 20. Qg3 Qxg3 21. hxg3 Bxc4 22. Nxc6 Bf6 23. Rd7 a6 24. a4 Rfe8 25. Rb7 Kf8 26. Rc1 Bd3 27. b4 Re7 28. Rxe7 Bxe7 29. Rc3 Bg6 30. b5 axb5 31. axb5 Bd8 32. Ra3 Bf5 33. Nxd8 Rxd8 34. b6 1-0

[Event "26th Hit Open-A 2022"]
[Site "Nova Gorica"]
[Date "2022.09.22"]
[Round "9.9"]
[White "Diermair, Andreas"]
[Black "Sharan, Rao"]
[Result "1/2-1/2"]
[WhiteElo "2468"]
[BlackElo "2312"]
[Annotator "TA"]
[PlyCount "114"]
[EventDate "2022.09.16"]
[EventType "swiss"]
[EventCountry "SLO"]
[SourceTitle "playchess.com"]
[Source "ChessBase"]
[SourceQuality "1"]

1. d4 Nf6 2. c4 e6 3. Nc3 d5 4. cxd5 exd5 5. Bg5 Be7 6. e3 c6 7. Bd3 Nbd7 8. h3 O-O 9. Qc2 Re8 10. Nf3 a5 11. O-O g6 12. Bf4 Bf8 13. Rae1 Bg7 14. Bg5 Qb6 15. Bh4 Qa7 16. a3 b5 17. Rc1 Bb7 18. Nd2 Rac8 19. b4 Bf8 20. Ra1 Re6 21. Nb3 a4 22. Nc5 Nxc5 23. bxc5 Bg7 24. Rab1 Rce8 25. Ne2 Nh5 26. g4 Bf6 27. Bxf6 Nxf6 28. Nf4 R6e7 29. Ng2 Bc8 30. f3 Qc7 31. Qf2 Kg7 32. Rbe1 h5 33. g5 Nh7 34. h4 Bh3 35. e4 Bxg2 36. Kxg2 Qf4 37. Re2 Nf8 38. exd5 Rxe2 39. Bxe2 cxd5 40. Bxb5 Re3 41. Bxa4 Ne6 42. Bd1 Rxa3 43. Re1 Rd3 44. Bc2 Rxd4 45. c6 Rd2 46. Re2 Rxe2 47. Qxe2 Qxh4 48. Qe5+ Kg8 49. Qb8+ Kh7 50. Bxg6+ Kxg6 51. Qg8+ Ng7 52. Qd8 Qc4 53. c7 Qe2+ 54. Kg1 Qe1+ 55. Kg2 Qe2+ 56. Kg1 Qe1+ 57. Kg2 Qe2+ 1/2-1/2

[Event "26th Hit Open-A 2022"]
[Site "Nova Gorica"]
[Date "2022.09.22"]
[Round "9.10"]
[White "Holtel, Jasper"]
[Black "Gschiel, Alexander"]
[Result "1-0"]
[WhiteElo "2406"]
[BlackElo "2196"]
[Annotator "TA"]
[PlyCount "69"]
[EventDate "2022.09.16"]
[EventType "swiss"]
[EventCountry "SLO"]
[SourceTitle "playchess.com"]
[Source "ChessBase"]
[SourceQuality "1"]

1. Nf3 Nf6 2. g3 b5 3. Bg2 Bb7 4. Na3 a6 5. c4 b4 6. Nc2 e6 7. O-O c5 8. d4 Qb6 9. d5 exd5 10. cxd5 Nxd5 11. e4 Nc7 12. Ne3 Ne6 13. Ne5 d6 14. N5c4 Qd8 15. Nf5 Bc6 16. Ncxd6+ Bxd6 17. Nxd6+ Kf8 18. Be3 Ra7 19. Nc4 Rd7 20. Qh5 Bb5 21. Rfc1 Qe7 22. Nb6 Rd8 23. Rxc5 Nd7 24. Nxd7+ Qxd7 25. Rd5 Qe7 26. Rxd8+ Qxd8 27. Rd1 Qf6 28. Qd5 g6 29. Bh6+ Ke8 30. Qa8+ Ke7 31. Qb7+ Ke8 32. Qb8+ Ke7 33. Qd6+ Ke8 34. e5 Qf5 35. Bc6+ 1-0

[Event "26th Hit Open-A 2022"]
[Site "Nova Gorica"]
[Date "2022.09.22"]
[Round "9.11"]
[White "Tisaj, Domen"]
[Black "Schreiner, Peter"]
[Result "1-0"]
[WhiteElo "2325"]
[BlackElo "2405"]
[Annotator "TA"]
[PlyCount "105"]
[EventDate "2022.09.16"]
[EventType "swiss"]
[EventCountry "SLO"]
[SourceTitle "playchess.com"]
[Source "ChessBase"]
[SourceQuality "1"]

1. d4 Nf6 2. c4 g6 3. f3 Bg7 4. e4 d6 5. Nc3 O-O 6. Nge2 a6 7. Be3 c6 8. g4 b5 9. h4 Qa5 10. Ng3 c5 11. d5 e6 12. Kf2 b4 13. Nb1 Nbd7 14. Nd2 exd5 15. cxd5 Ne5 16. Be2 c4 17. Nxc4 Nxc4 18. Bxc4 Nd7 19. Qd2 Ne5 20. Be2 f5 21. gxf5 gxf5 22. Nxf5 Bxf5 23. exf5 Rxf5 24. Rhg1 Qd8 25. Rg5 Rxg5 26. hxg5 Qd7 27. Rh1 Rf8 28. Kg2 Qf5 29. Rh3 Rc8 30. Kg3 Nc4 31. Bxc4 Rxc4 32. f4 Rc2 33. Qxb4 Re2 34. Qb8+ Bf8 35. Qa7 Qe4 36. Bf2 Rxb2 37. Qd4 Qxd4 38. Bxd4 Rd2 39. Bf6 Bg7 40. Bxg7 Kxg7 41. Kg4 Rxd5 42. f5 Rd1 43. f6+ Kg8 44. Rc3 Rd4+ 45. Kf5 Rd5+ 46. Ke6 Re5+ 47. Kxd6 Re2 48. Rc8+ Kf7 49. Rc7+ Kg8 50. Rg7+ Kh8 51. Ra7 Kg8 52. Rxa6 Rd2+ 53. Ke7 1-0

[Event "26th Hit Open-A 2022"]
[Site "Nova Gorica"]
[Date "2022.09.22"]
[Round "9.12"]
[White "Saypuri Srithan"]
[Black "Thybo, Jesper Sondergaard"]
[Result "0-1"]
[WhiteElo "2199"]
[BlackElo "2516"]
[Annotator "TA"]
[PlyCount "56"]
[EventDate "2022.09.16"]
[EventType "swiss"]
[EventCountry "SLO"]
[SourceTitle "playchess.com"]
[Source "ChessBase"]
[SourceQuality "1"]

1. e4 e5 2. Nf3 Nc6 3. Bb5 g6 4. d4 exd4 5. Bg5 Be7 6. Bxe7 Qxe7 7. Bxc6 dxc6 8. Qxd4 Nf6 9. O-O c5 10. Qe5 Be6 11. Nc3 c6 12. Ng5 Bc4 13. Qxe7+ Kxe7 14. Rfe1 h6 15. Nf3 Rhd8 16. Rad1 Rxd1 17. Rxd1 Be6 18. Ne5 Rc8 19. f3 g5 20. a3 Ne8 21. Kf2 Nd6 22. a4 a5 23. g3 b5 24. Nd3 b4 25. Ne2 Nb7 26. b3 Rd8 27. Rc1 Bxb3 28. Nxc5 Nxc5 0-1